000 01810nam a2200409 i 4500
001 45423
003 ES-MaCES
005 20150705153230.0
008 141117s2014 sp || t o000 | spa d
020 _a9788495308061 (v. I)
020 _a9788495308061 (o.c.)
040 _aES-MaCES
_bspa
_cES-MaCES
245 0 0 _aSituación económica y social de Castilla y León en 2013
_cConsejo Económico y Social, Comunidad de Castilla y León
260 _aValladolid
_bCES
_c[2014]
300 _a4 v.
_bgráf., mapas, col.
_c24 cm
_e1 CD-ROM
500 _aAprobado en la Sesión Plenaria del Consejo Económico y Social de 27 de junio de 2014
500 _aPubl. simultáneamente en CD-ROM
505 0 _at. I: Economía, mercado laboral, calidad de vida y protección social -- t. II: El mercado laboral de Castilla y León en 2013 -- t. III: Calidad de vida y protección social en Castilla y Léón en 2013 -- t. IV: Conclusiones y recomendaciones
541 _cGratuito
650 4 _acondiciones económicas
_927081
650 4 _acondiciones sociales
_930469
650 4 _amercado de trabajo
_928292
650 4 _acalidad de la vida
_929237
650 4 _aprotección social
_929076
650 4 _arepertorio de recomendaciones prácticas
_929261
650 4 _aCastilla y León
_930782
650 4 _a2013
_931985
650 4 _ainforme
_928986
650 4 _aCD ROM
_930331
653 1 0 _aCondiciones económicas
710 2 _aConsejo Económico y Social (Castilla y León)
_92405
740 0 2 _aEconomía, mercado laboral, calidad de vida y protección social (disponible en ed. electrónica en internet)
740 0 2 _aConclusiones y recomendaciones
787 0 _tSituación económica y social de Castilla y León en 2012
_w(ES-MaCES)44316
902 _aLIB Libro
942 _2CES
_cBK
_h0.0.
999 _c45423
_d45423